| 000 | 00856nam a22002057a 4500 | ||
|---|---|---|---|
| 999 |
_c16094 _d16094 |
||
| 003 | AR-CdUCM | ||
| 008 | 190502b ||||| |||| 00| 0 spa d | ||
| 040 |
_aMUNICIPALIDAD PROVINCIAL DEL CUSCO _cBIBLIOTECA MUNICIPAL DEL CUSCO |
||
| 082 |
_a978.20 / _bG15 |
||
| 100 |
_aGalíndez, Jesús de, _935371 |
||
| 245 |
_aLa era de Trujillo : _bUn estudio casuístico de la distadura hispanoamericana / |
||
| 260 |
_aSantiago de Chile : _bEdit. del Pacífico S. A, _c1956. |
||
| 300 |
_a452 paginas ; _c19 cm. |
||
| 505 | _aContenido :La dictadura hispanoamericana --La república dominicana hasta 1930 -- Sinopsis histórica de un cuarto de siglo --Análisis del régimen político bajo trujillo ... | ||
| 650 |
_aRepública Dominicana _916593 |
||
| 650 |
_aHisroria _926269 |
||
| 650 |
_a1930-1961 _935372 |
||
| 942 |
_2ddc _cLIBROS |
||
| 945 |
_arjall _d2019-05-02 |
||